000 00973nam a22003017a 4500
008 260610s2002 mx a|||br|||| 001 0 spa d
020 _a970-20-0132-3
040 _bspa
041 _aspa
_hspa
050 _aI/863M/
_bG74 U58
082 0 4 _22a
_aI/863M/
_bG74 U58
100 _aGONZÁLEZ MONTES, FIDENCIO
245 _aLA ÚLTIMA VIDA DE UN GATO
_bY OTROS CUENTOS
260 _aMÉXICO:
_bEDICIONES CASTILLO
_c2002
300 _a148 páginas;
_c18.5 X 11 cm
336 _2rdacontent
_atexto
_btxt
337 _2rdamedia
_asin mediación
_bn
338 _2rdacarrier
_avolumen
_bnc
490 0 _aCASTILLO DE LA LECTURA
505 _aCUENTOS INFANTILES MEXICANOS
505 _aABUELOS Y NIETOS, CUENTOS MEXICANOS
505 _aVIDA COTIDIANA, CUENTOS INFANTILES
650 _aLITERATURA Y RETÓRICA
650 _aLITERATURAS ESPAÑOLA Y PORTUGUESA
650 _aNOVELÍSTICA ESPAÑOLA
700 _aARENAS BELTRÁN, LEONARDO
_cILUSTRACIÓN
942 _2ddc
_cBKN
999 _c68602
_d68602